000 00524nam a2200229Ia 4500
001 3813
003 7664
005 20241224062734.0
008 ||||||n9999 ||| || ||
041 _aspa
082 _219
_a332
100 _aGarcia, Norberto
_97029
245 0 _aEl balance de paqos
260 _aBuenos Aires :
_bCentro Regional de Ayuda Tecnica,
_c1972.
300 _a140p
562 _e3
650 0 _aBalanza de pagos
_95576
942 _cBKM
999 _c3813
_d3813
526 _a4969
526 _a51868
526 _a1697